Statistics for 2018 MAMA Winners (Kpop)

Click here to take the quiz!

General Stats

  • This quiz has been taken 601 times
    (577 since last reset)
  • The average score is 9 of 20

Answer Stats

Winner% Correct
BTS
100%
Twice
91%
Black Pink
84%
Seventeen
68%
Stray Kids
60%
Got7
58%
NCT 127
54%
Mamamoo
51%
Wanna One
43%
iKon
42%
Sunmi
38%
Chungha
37%
Iz One
37%
Monsta X
36%
Zico
25%
NU'EST W
14%
Heize
12%
Roy Kim
9%
Hyukoh
7%
Triple Position
6%

Score Distribution

Percentile by Number Answered

Percent of People with Each Score

Your Score History

You have not taken this quiz since the last reset